01526nam a2200433 i 450000100060000000300080000600500170001400600190003100700150005000800410006502000270010602000180013303500230015103500240017403500250019803500210022304000310024405000220027508000070029708200120030410000260031624501500034226400420049230000410053433600310057533700330060633800430063949000220068250000220070458801280072665000250085465000200087965000270089965000220092665500270094870000320097583000230100785600620103021584FlNmELB20241216213934.0m o d | cr cnu||||||||150202s2012 sp o 001 0 spa d a9788416247165 (e-book) z9788415174530 a(MiAaPQ)EBC3226859 a(Au-PeEL)EBL3226859 a(CaPaEBR)ebr11002244 a(OCoLC)991920654 aFINmELBbspaerdacFINmELB 4aD16.8b.A996 2012 a930 a9012230 aAzorín,d1873-1967.10aQué es la historia? :breflexiones sobre el oficio de historiador /cAzorín ; edición, introducción y notas de Francisco Fuster García. 1aMadrid :bFórcola Ediciones,c2012. a1 recurso en línea (230 páginas) atextobtxt2rdacontent/spa acomputadorabc2rdamedia/spa arecurso en líneabcr2rdacarrier/spa1 aSingladuras ;v13 aIncluye índice. aDescripción basada en recurso en línea; Título de la página del título en PDF (e-libro, visto February 02, 2015). 0aHistoryxPhilosophy. 0aHistoriography. 4aHistoriaxFilosofía. 4aHistoriografía. 4aLibros electrónicos.1 aFuster García, Francisco. 0aSingladuras ;v13.40uhttps://elibro.net/ereader/politecnicointernacional/43891